| 000 | 01909cam a2200445 a 4500 | ||
|---|---|---|---|
| 999 |
_c529829 _d529829 |
||
| 001 | 13507723 | ||
| 003 | NUST | ||
| 005 | 20191003132912.0 | ||
| 008 | 040302s2004 dcuadk bt 001 0 eng d | ||
| 010 | _a 2004103181 | ||
| 020 | _a0309070066 | ||
| 035 | _a(OCoLC)ocm55618452 | ||
| 038 | _aMSOHAIL | ||
| 040 |
_aTRL _cTRL _dBUF _dDAY _dDLC |
||
| 042 | _alccopycat | ||
| 043 | _an-us--- | ||
| 050 | 0 | 0 |
_aHE203 _b.P48 2004 |
| 082 | _a0 | ||
| 100 | 1 |
_aPetraglia, Lisa M., _d1962- _922732 |
|
| 245 | 1 | 0 |
_aIntegrating tourism and recreation travel with transportation planning and project delivery / _cconsultants: Lisa Petraglia and Glen Weisbrod. |
| 260 |
_aWashington, D.C. : _bTransportation Research Board, _c2004. |
||
| 300 |
_a53 p. : _bcharts, forms ; _c28 cm. |
||
| 490 | 1 |
_aNCHRP synthesis, _x0547-5570 ; _v329 |
|
| 500 | _aAt head of title: National Cooperative Highway Research Program. | ||
| 500 | _a"Research sponsored by the American Association of State Highway and Transportation Officials in cooperation with the Federal Highway Administration." | ||
| 504 | _aIncludes bibliographical references (p. 32-33). | ||
| 650 | 0 |
_aTransportation _zUnited States _xPlanning. _921431 |
|
| 650 | 0 |
_aTourism _zUnited States. _922733 |
|
| 650 | 0 |
_aRecreation _zUnited States. _922734 |
|
| 700 | 1 |
_aWeisbrod, Glen E. _q(Glen Elliot) _922417 |
|
| 710 | 2 |
_aNational Cooperative Highway Research Program. _920864 |
|
| 710 | 2 |
_aAmerican Association of State Highway and Transportation Officials. _919553 |
|
| 710 | 2 |
_aNational Research Council (U.S.). _bTransportation Research Board. _922735 |
|
| 830 | 0 |
_aSynthesis of highway practice ; _v329. _922736 |
|
| 856 | 4 | 2 | _uhttp://gulliver.trb.org |
| 856 | 4 | 2 | _uhttp://www4.trb.org/trb/onlinepubs.nsf |
| 906 |
_a7 _bcbc _corignew _d2 _eepcn _f20 _gy-gencatlg |
||
| 942 |
_2ddc _cBK |
||